Crítica de la estética idealista

Na minha lista:
Detalhes bibliográficos
Autor principal: Bürger, Peter (Autor)
Formato: Livro
Idioma:espanhol
Publicado em: Madrid Visor 1996
coleção:La Balsa de la Medusa, 82
Assuntos:
Tags: Adicionar Tag
Sem tags, seja o primeiro a adicionar uma tag!

MARC

LEADER 00000nam a2200000 a 4500
001 UCN3343
003 CL-VaPUC
008 010622e19960000SP |||||||||||||||||spa|d
082 0 4 |a 701.17  |b BUR  |2 21 
100 0 |a Bürger, Peter  |e author  |9 459870 
245 1 0 |a Crítica de la estética idealista 
300 |a 271 p 
942 |c BK 
945 |d 20010622 00:00:00  |a cmena 
260 |a Madrid  |b Visor  |c 1996 
650 7 |a ESTETICA - CRITICA E INTERPRETACION  |2 CL-VaPUC  |9 459871 
650 0 |a Filosofía del arte  |9 264951 
650 0 |a Idealismo  |9 265685 
583 |a last modification  |c 20010622 00:00:00  |k Rodrigo Vera 
490 0 |a La Balsa de la Medusa, 82 
999 |c 296261  |d 296259 
952 |0 0  |1 0  |4 0  |6 701_170000000000000_BUR_1996  |7 0  |8 A  |9 349912  |a BIBART  |b BIBART  |d 2019-11-20  |i 3704947  |o 701.17 BUR 1996  |p 3704947  |r 2025-03-13  |w 2019-11-20  |y BK  |k ART